Rethinking Gandhi and nonviolent relationality:global perspectives (Record no. 443448)

000 -LEADER
fixed length control field 00604cam a22001817a 4500
008 - FIXED-LENGTH DATA ELEMENTS--GENERAL INFORMATION
fixed length control field 180718b2009 xxu||||| |||| 00| 0 eng d
020 ## - INTERNATIONAL STANDARD BOOK NUMBER
International Standard Book Number 9788125033882
082 ## - DEWEY DECIMAL CLASSIFICATION NUMBER
Classification number A99 G151/G155
245 ## - TITLE STATEMENT
Title Rethinking Gandhi and nonviolent relationality:global perspectives
Statement of responsibility, etc. Edited by Debjani Ganguly and John Docker
260 ## - PUBLICATION, DISTRIBUTION, ETC.
Place of publication, distribution, etc. New Delhi
Name of publisher, distributor, etc. Orient Blackswan
Date of publication, distribution, etc. 2009
300 ## - PHYSICAL DESCRIPTION
Extent 353p.
650 ## - SUBJECT ADDED ENTRY--TOPICAL TERM
Topical term or geographic name entry element Civil disobedience
650 ## - SUBJECT ADDED ENTRY--TOPICAL TERM
Topical term or geographic name entry element Nonviolence
650 ## - SUBJECT ADDED ENTRY--TOPICAL TERM
Topical term or geographic name entry element Gandhi, Mahatma, 1869-1948 -- Influence
650 ## - SUBJECT ADDED ENTRY--TOPICAL TERM
Topical term or geographic name entry element Gandhi, Mahatma, 1869-1948 -- Teachings
700 ## - ADDED ENTRY--PERSONAL NAME
Personal name Docker, John
700 ## - ADDED ENTRY--PERSONAL NAME
Personal name Ganguly, Debjani
Holdings
Withdrawn status Lost status Damaged status Not for loan Permanent Location Current Location Date acquired Full call number Barcode Date last seen Price effective from Koha item type
        Indian Institute of Public Administration Indian Institute of Public Administration 2013-12-10 A99 G151/G155 85364 2018-07-21 2018-07-21 Book

Powered by Koha